Statistics for Total Drama Presents: The Ridonculous Race Characters

Click here to take the quiz!

General Stats

  • This quiz has been taken 77 times
  • The average score is 32 of 36

Answer Stats

TeamCharacter% Correct
Surfer DudesGeoff
100%
Reality TV ProsNoah
100%
Surfer DudesBrody
97%
SistersEmma
97%
Ice DancersJosee
97%
Reality TV ProsOwen
97%
Best FriendsCarrie
94%
GothsCrimson
94%
Best FriendsDevin
94%
GothsEnnui
94%
SistersKitty
94%
Adversity TwinsMickey
94%
RockersRock
94%
DatersRyan
94%
RockersSpud
94%
DatersStephanie
94%
Father & SonDwayne
90%
Adversity TwinsJay
90%
Police CadetsMacArthur
90%
Police CadetsSanders
90%
Fashion BloggersTom
90%
GeniusesEllody
87%
Fashion BloggersJen
87%
Father & SonJunior
87%
Mother & DaughterKelly
87%
StepbrothersLorenzo
87%
GeniusesMary
87%
Mother & DaughterTaylor
87%
Ice DancersJacques
84%
LARPersLeonard
84%
LARPersTammy
84%
StepbrothersChet
81%
Tennis RivalsPete
81%
Tennis RivalsGerry
77%
VegansLaurie
77%
VegansMiles
77%

Score Distribution

Percentile by Number Answered

Percent of People with Each Score

Your Score History

You have not taken this quiz